000 01155cam a22003255i 4500
001 012476487
003 EG-ScBUE
005 20250515092156.0
008 921103t2004 gw a f b 001 0 eng d
020 _a9780471504474 (pbk : volume1)
020 _a0471504475 (pbk : volume1)
040 _aEG-ScBUE
_beng
_erda
_cEG-ScBUE
_dEG-ScBUE
041 1 _aeng
_hger
082 0 4 _a530.151
_bCOU
_222
100 1 _aCourant, Richard,
_d1888-1972,
_eauthor.
_939719
245 1 0 _aMethods of mathematical physics.
_nvolume 1 /
_cby R. Courant and D. Hilbert.
250 _aFirst English edition.
264 1 _aWeinheim :
_bWiley-VCH Verlag GmbH & Co. KGaA,
_c[2004]
264 4 _cc2004
300 _axv, 560 pages :
_billustrations ;
_c25 cm
336 _2rdacontent
_atext
_btxt
337 _aunmediated
_2rdamedia
_bn
338 _avolume
_bnc
_2rdacarrier
504 _aIncludes bibliographical references and index.
546 _aText in English ; translated and revised from the original German.
650 7 _aMathematical physics.
_2BUEsh
_96575
655 _vReading book
700 1 _aHilbert, David,
_d1862-1943,
_eauthor.
_939720
942 _2ddc
_cBB
999 _c21549
_d21521